000 01120cam a22003377a 4500
003 CHAP
005 20220329143604.0
008 100729s1958 r 00010 eng d
010 _a98942
011 _a99914
035 _a110600
040 _cCHAP
090 _aFolleto 17733
100 1 _aWolfenbarger, D. O.
_9122453
245 1 0 _aInsect pests of the avocado and their control
_c/by D. O. Wolfenbarger
260 _aGainesville, Flo. :
_bAgricultural Experiment Station Institute of Food and Agricultural Science,
_c1958
300 _a51 p.
_b: ilus.
490 0 _aBulletin
_v; 605
590 _aBATCH-UPD
_b10
_c20130110
_lUCH01
_h1734
590 _aBATCH-UPD
_b10
_c20130410
_lUCH01
_h1115
590 _aBATCH-UPD
_b10
_c20130913
_lUCH01
_h2308
590 _aCONVERSION
_b10
_c20130109
_lUCH01
_h1355
650 1 4 _aAguacate
_xPlagas.
_92543
650 1 4 _aInsectos parĂ¡sitos y predatores.
_958961
650 1 4 _aInsectos.
_958888
650 1 4 _aInsectos
_xControl.
_958908
830 0 _aBulletin
_v; 605
_916039
901 _aBK
942 _cFOLL
949 _aFolleto 17733
_bBC
_cFOLL
_d33724002126545
_eTS1
_i110600
_sb
999 _c98942
_d98942